Statistiche per Premi Nobel italiani

Clicka qui per fare il quiz!

Statistiche generali

  • Questo quiz è stato fatto 20 volte
  • Il punteggio medio è 8 su 21

Statistiche sulle risposte

AnnoDisciplinaVincitore% Corretto
1938FisicaEnrico Fermi
94%
1986MedicinaRita Levi-Montalcini
94%
1934LetteraturaLuiigi Pirandello
81%
1975LetteraturaEugenio Montale
63%
1959LetteraturaSalvatore Quasimodo
63%
1997LetteraturaDario Fo
56%
2021FisicaGiorgio Parisi
50%
1926LetteraturaGrazia Deledda
50%
1909FisicaGuglielmo Marconi
50%
1984FisicaCarlo Rubbia
38%
1906LetteraGiosuè Carducci
31%
1963ChimicaGiulio Natta
31%
1959FisicaEmilio Segrè
25%
2002FisicaRiccardo Giaccon
25%
1906MedicinaCamillo Golgi
19%
1907PaceErnesto Teodoro Moneta
19%
1975MedicinaRenato Dulbecco
13%
1957MedicinaDaniel Bovet
6%
1985EconomiaFranco Modiglian
6%
2007MedicinaMario Capecchi
6%
1969MedicinaSalvatore Luria
0%

Distribuzione punteggi

Percentile per numero di risposta

Percentuale di utenti per punteggio

I tuoi punteggi nel tempo

Non hai fatto questo quiz